00372nam a2200145Ia 4500008004100000020001500041041001200056082001600068100001700084245005200101250000800153260004900161300000800210650000800218221030s9999 xx 000 0 und d a8122416071 aEnglish a105.23bGul aR. R. Gulati 0aMonochrome & Colour Televisioncby R. R. Gulati a2nd bNew Age International Pub.aNew Delhic2006 a688 aECE